| 000 | 00691nmm a2200265 a 4500 | ||
|---|---|---|---|
| 003 | AR-BaBNM | ||
| 005 | 20251128210943.0 | ||
| 008 | 251120s1998 ||||||||||||||000 | spa|| | ||
| 020 | _a950-07-1048 | ||
| 040 | _cAR-BaBNM | ||
| 100 | 1 | _aSchujer, Silvia | |
| 245 | 1 | 0 | _a350 adivinanzas para jugar |
| 246 | 1 | _aTrescientas adivinanzas para jugar | |
| 250 | _a4ยช ed. | ||
| 260 |
_aBuenos Aires _bSudamericana _c1998 |
||
| 300 | 0 |
_a101 p. _bil. |
|
| 650 | 4 | _aLITERATURA INFANTIL | |
| 650 | 4 | _aLIBROS PARA NINOS | |
| 650 | 4 | _aACTIVIDADES RECREATIVAS | |
| 653 | 0 | _aADIVINANZAS | |
| 655 | _aLITERATURA | ||
| 700 | 1 |
_aElizalde, Marcelo _eilustrador |
|
| 942 | _cBK | ||
| 998 | _cRAQUEL | ||
| 999 |
_c17613 _d17613 |
||